Operations management : Contemporary concepts and cases
Operations Management: Contemporary Concepts and Cases, is an ideal book for the instructor seeking a short text with cases. This book employs a cross-functional perspective, appealing to non-majors and practical for use in an MBA level course in operations management. The size and price of the book...
Bewaard in:
| Hoofdauteur: | |
|---|---|
| Formaat: | Boek |
| Taal: | Undetermined |
| Gepubliceerd in: |
New York
McGraw-Hill Education
2010
|
| Onderwerpen: | |
| Tags: |
Voeg label toe
Geen labels, Wees de eerste die dit record labelt!
|
| Thư viện lưu trữ: | Trung tâm Học liệu Trường Đại học Cần Thơ |
|---|
| LEADER | 01204nam a2200205Ia 4500 | ||
|---|---|---|---|
| 001 | CTU_190176 | ||
| 008 | 210402s9999 xx 000 0 und d | ||
| 082 | |a 658.5 | ||
| 082 | |b S382 | ||
| 100 | |a Schroeder, Roger G. | ||
| 245 | 0 | |a Operations management : | |
| 245 | 0 | |b Contemporary concepts and cases | |
| 245 | 0 | |c Roger Schroeder, Susan Goldstein, M. Johnny Rungtusanatham | |
| 260 | |a New York | ||
| 260 | |b McGraw-Hill Education | ||
| 260 | |c 2010 | ||
| 520 | |a Operations Management: Contemporary Concepts and Cases, is an ideal book for the instructor seeking a short text with cases. This book employs a cross-functional perspective, appealing to non-majors and practical for use in an MBA level course in operations management. The size and price of the book also make the text attractive for the cross-functional curriculum where students are required to purchase more than one text. The cases offer variety in length and rigor; and several are from Harvard and Darden. This mix makes the book appropriate for both undergraduates and MBA students. | ||
| 650 | |a Production managemen,Quản lý sản xuất | ||
| 904 | |i Qhieu | ||
| 980 | |a Trung tâm Học liệu Trường Đại học Cần Thơ | ||